spanish vocab week 18 - Statistics

General Stats
  • This quiz has been taken 14 times
  • The average score is 6 of 23
Answer Stats
Hint Answer % Correct
to put makeup on maquillarse
80%
bone el hueso
60%
makeup el maquillaje
60%
to invest invertir
60%
luxury el lujo
40%
to impact/shock impactar
40%
investment la inversión
40%
large size model el modelo de tallas grandes
20%
body el organismo/cuerpo
20%
catwalk la pasarela
20%
Cibeles fashion show la Pasarela Cibeles
20%
fashion week la semana de la moda
20%
measures las medidas
20%
size zero la talla cero
20%
to become obsessed with obsesionarse con
20%
to promote promover
20%
face el rostro
0%
eating disorder el trastorno alimenticio
0%
piece of clothing/garment la prenda de ropa
0%
to sponsor patrocinar
0%
to go on a diet ponerse a dieta
0%
to overcome superar
0%
to dress fashionably vestir a la moda
0%
No matching quizzes found
Score Distribution
Percent of People with Each Score
Percentile by Number Answered
Your Score History
You have not taken this quiz